| 000 | 01027nam a2200265 a 4500 | ||
|---|---|---|---|
| 001 | 000028983 | ||
| 003 | AM-YEHGA | ||
| 005 | 20250617121232.0 | ||
| 008 | 010108s1974 ai |||||||||||arm d | ||
| 040 | _aAM-YeHGA | ||
| 041 | 1 |
_aarm _hrus |
|
| 100 | 1 | _aԿոլեսնիկովա, Մարիա | |
| 245 | 1 | 0 |
_aՌիխարդ Զորգե / _cՄ. Կոլեսնիկովա, Մ. Կոլեսնիկով ; Թարգմ.՝ Ռ. Վարդանյան. |
| 260 |
_aԵրևան : _bՀայաստան, _c1974. |
||
| 300 |
_a415 էջ : _bդիմանկ. ; _c21 սմ. |
||
| 504 | _aՀիմնական տարեթվեր, էջ՝ 411-413 | ||
| 504 | _aՀամառոտ բիբլիոգրաֆիա, էջ՝ 414 | ||
| 600 | 1 | 4 |
_aԶորգե, Ռիխարդ, _d1895-1944 |
| 650 | 1 | 4 | _aՌազմագիտություն |
| 650 | 1 | 4 |
_aՌազմական հետախուզություն _xՀայրենական մեծ պատերազմ |
| 700 | 1 | _aԿոլեսնիկով, Միխայիլ | |
| 700 | 1 |
_aՎարդանյան, Ռ. _eթարգմ. _4trl |
|
| 942 |
_2udc _cBK |
||
| 090 | _c13038 | ||
| 999 |
_c12937 _d12937 |
||